000 00614nam a22002177a 4500
999 _c6987
_d6987
003 OSt
005 20210602121925.0
008 210602b ||||| |||| 00| 0 eng d
020 _a9780521543019
040 _cDDC
082 _a577 BUR 2005
100 _aBurgman, Mark
_914341
245 _aRisk and Decision for Conservation and Environmental Management
260 _aCambridge University Press,
_c2005
300 _axii,488p; Ill: 23cm
504 _aGlossary, references, & Index included
650 _aEcology
_9544
650 _aBiodiversity
_91737
650 _aConservation
_95920
942 _2z
_cO_SHELF